Supergirl-Main Characters (Pre-Crisis) - Statistics

General Stats
  • This quiz has been taken 187 times
    87 since last reset
  • The average score is 24 of 120
Answer Stats
Hint Answer % Correct
(Elseworld-2) Employee of the fake Man of Steel. (Earth-38) Current DEO director, doctor and scientist. Dir. Alexandra 'Alex' Danvers
94%
Former CEO of LexCorp. (presumed deceased-2019) CEO Alexander 'Lex' Luthor
87%
CEO of L-Corp and adoptive younger sister to Lex Luthor CEO Helena 'Lena' Luthor
81%
(Earth-38) Kryptonian Heroine. (Earth-X) Kryptonian member of the New Reichsmen. (deceased-2017) Kara Zor-El/Kara Danvers/Kara Queen/Supergirl/Overgirl
77%
Founder of CatCo Worldwide Media . Dir. Catherine 'Cat' Grant
76%
Last son of Mars hiding as the former DEO director. J'onn J'onnz/Martian Manhunter
66%
(Earth-38) Former Daily Planet photographer, now head of National City's CatCo Office. Secretly an armored vigilante. (Earth-53) Armored resistance member. (deceased-2017) (Elseworld-2) Enforcer for that reality's criminal breacher. (Dir.) James 'Jimmy' Olsen/Guardian
63%
Daxamite royal and refugee Prince Mon-El Gand of Daxam/Michael 'Mike' Matthews
63%
Appears as a holographic AI of herself. Later discovered on Argo City Jdg. Alura Zor-El
58%
(Earth-38) Kryptonian Boyscout. (Earth-75) Popular hero in Metropolis (deceased-2019) (Earth-96) Editor in Chief of the Daily Planet (deceased-2019) (Earth-167) Retired Man of Steel (deceased-2019) Kal-El/Clark Kent/Superman
56%
(Earth-38) Former CatCo worker and DEO technical expert, currently resides in the 31st century. (Earth-X) Leader of the resistance. (Gen.) Winslow Schott (Jr.)
55%
Project Cadmus member and mother to both CEO's of Lexcorp Lillian Luthor
52%
(Earth-1) Daily Planet journalist. (Earth-75 & Earth-167) Wife of the Man of Steel (deceased-2019) Lois Lane
50%
3rd surviving inhabitant of Krypton. (Reign deceased-2018, later revived-2018) Samantha Arias/Reign
50%
Former CIA Agent and former head of the DEO. (presumed deceased 2005, later returned aligned with Cadmus) Dir. Henry 'Hank' Henshaw/Cyborg Superman
47%
Scientist with a husband who is a former DEO agent. Agt. Elizabeth 'Eliza' Danvers
45%
Former CatCo employee with electric powers. (deceased-2018) Leslie Willis/Livewire
45%
(Earth-1) Arkham Asylum doctor. (Elseworld-2) The fake Man of Steel. Dr. Jonathan 'John' Deegan/Superman
42%
Political speechwriter turned CatCo Investigative Journalist Nia Nal/Dreamer
42%
Mad Genius who weaponizes toys. (deceased-2018) Winslow Schott Sr./Toyman
40%
Eldest son of CatCo's founder. Adam Foster
39%
(Earth-38) 31st Century Coluan with a 12th Level Intellect, current tech support for the DEO. (Earth-90) (deceased-unknown) Agt. Querl 'Brainy' Dox/Brainiac 5
39%
Sister to the armoured vigilante. Kelly Olsen
39%
Kryptonian military officer and scientist.(deceased-2016) Lt. Non
39%
Co-director of the DEO Dir. Lucy Lane
37%
NCPD with a vested interest in alien related cases. Det. Margaret 'Maggie' Sawyer
35%
Formerly a scientist working for the DEO, discovered to be working for Project Cadmus Agt. Jeremiah Danvers
34%
(Earth-1) The Dark Knight. (Earth-38) Gotham City's Vigilante. (Earth-99) Bitter, Kryptonian hating crippled former hero (deceased-2019) Bruce Wayne/Batman
34%
Kryptonian father of Supergirl (deceased-1979) Zor-El
34%
Former businessman and leader of an anti-alien hate group. Prof. Benjamin 'Ben' Lockwood/Agt. Liberty
32%
The Worldkiller (deceased-2018) Reign
32%
A polished businesswoman and heir to a Central American tech empire. Andrea Rojas/Acrata
29%
Last Daughter of Mars, secretly a White Martian. M'gann M'orzz/Megan Morse/Miss Martian
29%
New Assistant to CatCo's Founder and L-Corp's, secretly working for the former CEO of LexCorp, secretly working for Leviathan. Evelyn 'Eve' Teschmacher
27%
Youngest son of CatCo's founder. Carter Grant
26%
Tech Mogul released from DEO custody CEO Maxwell Lord
26%
A being capable of using others' minds against them Abigail 'Gail' Marsh/Psi
21%
Brother of the last Martian Malefic J'onnz
21%
Supergirl fanatic, who often ends up in danger. Ruby Arias
21%
Powerful Military Officer Gen. Samuel 'Sam' Lane
19%
Luthor Patriarch Lionel Luthor
19%
A man with a savant-like talent for killing aliens. (deceased-2018, revived-2019, deceased-2019, revived-2019, deceased-2019) Otis Graves/Metallo
19%
A misguided clone of the Girl of Steel. (deceased-2019) Red Daughter/Snowbird/Linda Lee
19%
A Living Computer that turned against Krypton Indigo/Brainiac 8
16%
Musician with key knowledge about Krypton's 3rd survivor (deceased-2018) Julia Freeman/Purity
16%
(Earth-38) Android who gains sentience. (deceased-2016) (Earth-X) Robot resistance member. (deceased-2017) Red Tornado
16%
Charismatic cult leader who worships 'The Girl Of Steel' Thomas Coville
16%
Rookie DEO agent hired by the new Director Agt. Raymond Jensen/Parasite
15%
(Earth-unknown) Daughter of a Gotham City Detective and vigilante Barbara 'Babs' Gordon/Batgirl/Oracle
15%
A body given Kryptonian-like powers, vulnerable to Blue Kryptonite. Bizarro
15%
High-Profile National City surgeon (deceased-2018) Dr. Grace Parker/Pestilence/Blight
15%
A soldier loyal to her CO and country above herself, current Interim Secretary of Alien Affairs IS. Lauren Haley
15%
Sister of the new CatCo Journalist Maeve Nal
15%
Former CatCo employee possessed by a banshee's spirit. Siobhan Smythe/Silver Banshee
15%
Operator of an underground alien fight club in National City Veronica Sinclair/Roulette
15%
Ivo Laboratories creation designed to replicate meta-human abilites. (deceased-2018) A.M.A.Z.O
13%
Eco-scientist. Dr. Rudolph 'Rudy' Jones/Parasite
13%
Kryptonian scientist attempting to take over Earth. (deceased-2016) Gen. Astra In-Ze
13%
Titanian Telekinetic Imra Ardeen/Saturn Girl
13%
Extradimensional being charged with watching over the universe. Mar Novu/The Monitor
13%
Female POTUS, secretly an alien Pres. Olivia Marsdin
13%
DEO agent with a long-standing rivalry against the DEO tech support (deceased-2018) Agt. Demos
11%
Ex-Cadmus agent and key figure in National City's human-first movement (deceased-2018) Agt. Mercy Graves
11%
DEO Employee who co-ordinates info on alien attacks. Agt. Vasquez
11%
Former Nuclear Physicist looking for revenge for his deceased wife. Benjamin 'Ben' Krull/Reactron
11%
Former guard at Fort Rozz turned vigilante Det. Charles 'Carl' Draper/Master Jailer
11%
5th Dimension reality bending trickster Mr. Mxyzptlk
11%
Father to 'The Last Son of Mars' (deceased-2018) M'yrnn J'onzz
11%
Vice president of the United States Pres. Baker
11%
Old school editor hired to be the editor-in-chief of CatCo's National City Office Snapper Carr
11%
Biomax creator (deceased-2017) CEO Jacob 'Jack' Spheer
10%
Cadmus Scientist Dr. Gilcrist/Metallo
10%
International Assassin turned Cyborg. (deceased-2017) Jonathan 'John' Corben/Metallo
10%
Starhavenite Refugee Lyra Strayd
10%
A man with a dark past and wicked sense of humor. (deceased-2019) Manchester Black
10%
Son of the leader of the anti-alien group George 'Georgie' Lockwood
8%
An Argo Judiciary aligned with the Worldkillers Jdg. Selena
8%
Daxamite Royal (deceased-2017) King Lar Gand of Daxam
8%
An ancient alien with control of the four classical elements Rama Khan
8%
A cynical sellout who looks down on idealism. William Dey
8%
An ancient alien looking to subjugate Earth's population through technology Gamemnae
6%
Mother of CatCo's founder. Katherine Grant
6%
Adoptive mother to the 3rd surviving Kryptonian. (deceased-2018) Patricia Arias
6%
(Earth-666) Owner of the Lux nightclub in Los Angeles, CA. Fallen Angel and son of god. Samael/Lucifer Morningstar
6%
Real-estate developer with plans for National City CEO Morgan Edge
5%
(Earth-unknown) Daughter of her Earth's Dark Knight and Catwoman (deceased-2019) Helena Kyle/Huntress
5%
A powerful and malevolent cosmic being. Mobius/The Anti-Monitor
5%
Extradimensional hypnotist and power siphoner Music Meister
5%
Alien convict hiding on Earth for 12 years. (deceased-2015) Vartox
5%
FBI Agent Agt. Cameron Chase
3%
Kryptonian Warlord. (deceased-2018, later resurrected C30th) Gen. Dru-Zod
3%
Human kidnapped by Alien Slavers Isabella 'Izzy' Williams
3%
Mother to the new CatCo Journalist Isabel Nal
3%
Alien with bonding capabilities Marcus
3%
Estranged wife to a mad genius. Mary Schott
3%
Factory worker sowing discourse among National City's denizens. (deceased-2018) Peter Lockwood
3%
Daxamite Royal (deceased-2017) Queen Rhea Gand of Daxam
3%
Formerly Xenophobic senator Sen. Miranda Crane
3%
Cousin of the LexCorp hidden agent Elizabeth 'Bitsie' Teschmacher
2%
Friend of the DEO's former director (deceased-2018) Fiona Byrne
2%
(Earth-9) One member of a vigilante duo (deceased-2019) Henry 'Hank' Hall/Hawk
2%
(Earth-9) Second sidekick to his universe's Dark Knight (deceased-2019) Jason Todd/Robin II
2%
Alien capable of emotional and behavioral manipulation Jemm
2%
Scientist who designs an android to be the ultimate Super-Weapon Thomas O. Morrow
2%
USMC Officer Col. James Harper
0%
Courtney Whitmore/Stargirl
0%
(Earth-1) Wheelchair bound scientist (deceased-2000). (Earth-2) Scientist blackmailed into helping a metahuman villain. (presumed deceased-2019) (Earth-12) German Author/Scientist. (Earth-13) Wizard with a strking resemblence to Gandalf the Grey. (Earth-17) British Scientist. (Earth-19) Eccentric Inspirationalist brought to Earth-1. (deceased-2017). (Earth-22) Australian Cyborg. (Earth-24) Positive former Council of Wells Member (Earth-25) Poet. (Earth-27) (deceased-unknown) (Earth-47) Texan Billionaire, Playboy and Inventor. (Earth-unknown) Intelligent southern Cowboy. (Earth-unknown) Intelligent French Pantomime. (Earth-unknown) Indiana Jones-esque scientist. Dr. Harrison 'Harry' Wells/Harrison W. Wells/Harrison R. 'H.R.' Wells/Wells 2.0/Harrison 'Sonny' Wells/ Harrison P. 'H.P.' Wells/Harrison L. Wells/Hells Wells/Wells the Grey/Harrison 'Sherloque' Wells/Dr. Harrison 'Nash' Wells/Pariah
0%
Alien escapee from Fort Rozz (deceased-2015) Hellgrammite
0%
Former prison worker turned criminal Jacqueline Nimball
0%
A murderer released from an otherworldly prisoner, seeking revenge on their former jailor. Midnight
0%
(Earth- unknown) Decorated police officer and agent of God (deceased- unknown) Ofc. James 'Jim' Corrigan/The Spectre
0%
Jewel thief with lax morals. Pamela Ferrer/Menagerie
0%
Vigilante Murderer trying to frame an armored vigilante Phillip Karnowski/Barrage
0%
P. Jefferson 'Jeff' Pierce/Black Lightning
0%
Alien prisoner and royal Queen Maxima of Almerac
0%
Ex-merc assisting the real estate developer. Robert DuBois/Bloodsport
0%
Ryan Choi
0%
Pyrokinetic Alien Scorcher
0%
Police Officer and father to an alien-centric Detective Sheriff Oscar Rodas
0%
Alien prisoner with an Amazonian physique Tormock
0%
No matching quizzes found
Score Distribution
Percent of People with Each Score
Percentile by Number Answered
Your Score History
You have not taken this quiz since the last reset